100 famous cocktails : the romance of wines and liquors, etiquette, recipes /

Bibliographic Details
Other Authors: Oscar of the Waldorf
Format: Book
Language:English
Published: New York : Kenilworth Press, [1934]
Subjects:

MARC

Tag First Indicator Second Indicator Subfields
LEADER 00000cam a2200000I 4500
001 in00002177635
005 20190207100955.0
008 810128s1934 nyuac 000 0 eng
010 |a  34002139  
035 |a (OCoLC)ocm07087581 
040 |a DLC  |c IGA  |d IGA  |d TXA  |d UtOrBLW 
049 |a TXAM 
050 0 0 |a TX951  |b .O5 1934 
245 0 0 |a 100 famous cocktails :  |b the romance of wines and liquors, etiquette, recipes /  |c published in collaboration with Oscar of the Waldorf. 
264 1 |a New York :  |b Kenilworth Press,  |c [1934] 
264 4 |c ©1934 
300 |a 46 pages :  |b illustrations (including mounted portrait) ;  |c 22 cm. 
336 |a text  |b txt  |2 rdacontent 
337 |a unmediated  |b n  |2 rdamedia 
338 |a volume  |b nc  |2 rdacarrier 
500 |a The Cushing Library/Chapman Texas Collection copy is part of the Floyd & Louise Chapman Texas & Borderlands Collection.  |5 TXA 
500 |a "Decorations by Henry Stahlhut." 
500 |a "First printing, January 3, 1934; second printing, January 26, 1934." 
500 |a "The Texas Cookbook Collection." 
536 |a Cushing Library/Texas copy was donated in 1999 by Ona Stribling Beams, Dallas, Texas, in memory of George William Beams, Class of 1929. 
650 0 |a Liquors. 
650 0 |a Cooking, American. 
700 0 |a Oscar of the Waldorf. 
994 |a C0  |b TXA 
948 |a cataloged  |b h  |c 2006/6/21  |d c  |e tmweaver  |f 11:57:27 am 
999 |a MARS 
999 f f |s e2463b61-1721-3747-8e2f-f326643edba5  |i b1ba15d4-67c7-3549-98b4-24b40f1b1eca  |t 0 
952 f f |p noncirc  |a Texas A&M University  |b College Station  |c Cushing Memorial Library & Archives  |d Cushing: Chapman Texas Collection (Does not check out)  |t 0  |e TX951 .O5 1934  |h Library of Congress classification  |i unmediated -- volume 
998 f f |a TX951 .O5 1934  |t 0  |l Cushing: Chapman Texas Collection (Does not check out)